[Event "Speed Chess Championship 2020"]
[Site "Online"]
[Date "2020.12.12"]
[Round "3.7"]
[White "Carlsen, Magnus"]
[Black "Vachier-Lagrave, Maxime"]
[Result "1/2-1/2"]
[WhiteElo "2862"]
[BlackElo "2784"]
[Annotator "TA"]
[PlyCount "122"]
[EventDate "2020.10.31"]
[EventType "k.o."]
[EventCountry "NET"]
[SourceTitle "playchess.com"]
[Source "ChessBase"]
[SourceQuality "1"]

{[%evp 9,122,8,12,0,27,0,13,0,6,0,0,0,6,-21,-27,-32,-22,-33,-9,-25,-27,-35,0,7,2,0,32,32,27,19,31,25,37,31,50,39,39,35,34,31,37,39,35,34,150,146,143,129,157,129,137,137,152,158,163,146,179,169,180,177,165,156,165,165,153,144,223,214,262,253,814,828,836,628,691,260,788,722,660,81,81,81,81,81,74,0,0,0,0,0,0,0,0,0,0,0,0,0,0,0,0,0,0,0,0,0,0,0,0,0,0,0,0,0,0]} 1. e4 c5 2. Nf3 d6 3. d4 cxd4 4. Qxd4 Nf6 5. h3 Nc6 6. Qe3 {B53: Sicilian: 2...d6: Lines with Qxd4.} e6 7. Be2 Be7 8. O-O O-O 9. Rd1 {[#]} d5 $146 ({Predecessor:} 9... Qc7 10. c4 Ne5 11. b3 a5 12. Nc3 Bd7 13. Nd4 a4 14. Ba3 axb3 15. axb3 Ng6 {1-0 (67) Narayanan,S (2529)-Ajay Krishna,S (2302) Sitges 2019}) 10. exd5 exd5 11. Nc3 Re8 12. Qf4 h6 13. Be3 Be6 14. a3 a6 15. Nd4 Rc8 (15... Bd6 $5 {[%cal Rd6f4]} 16. Qh4 (16. Nxe6 Rxe6 17. Qa4 b5 $15) 16... Be5 $11) 16. Nxc6 Rxc6 17. Bd4 Qc7 (17... Bd6 $5 {[%cal Rd6f4]} 18. Qf3 Bb8 $11) 18. Qxc7 Rxc7 19. Bf3 Rc4 20. Rd2 Rd8 21. Rad1 Ne4 22. Nxe4 dxe4 23. Bxe4 Bg5 24. Rd3 Rxc2 {[#]} 25. Bxg7 $1 {[%mdl 512]} Rxd3 (25... Kxg7 26. Rxd8) 26. Bxd3 Rc1 (26... Bb3 $1 $14 27. Be5 (27. Bxc2 Bxc2 28. Bxh6 Bxh6 $11) 27... Rxb2) 27. Rxc1 $16 Bxc1 {[%mdl 4096] Endgame KBB-KBB} 28. Bc3 Bd5 29. g4 Bg5 30. Bf1 Be6 31. Bg2 b6 32. Bd4 Bd8 33. Be4 b5 34. Kg2 a5 35. f4 b4 36. axb4 axb4 37. Kg3 b3 (37... Be7 $16 38. f5 Bc4) 38. h4 $18 Bc4 39. g5 hxg5 $2 (39... Be6 40. Bc3 (40. gxh6 f5 $18) 40... f6 41. gxh6 f5) 40. fxg5 Be2 41. Be5 Bd1 42. Bd5 $2 (42. Bf3 Bc2 43. Bf6 Bc7+ 44. Kg2) 42... Bc2 $2 (42... Ba5 43. g6 Be1+ 44. Kh3 Bh5 45. Bxf7+ (45. Bxb3 Bxg6 46. Kg4 Bd3 $16) 45... Kf8 46. Bxb3 Bxg6) 43. Kf4 Ba5 44. h5 $2 (44. Bf6 $18 {aiming for h5.} Bc7+ 45. Be5) 44... Bd2+ $16 45. Kg4 Bd1+ 46. Kh4 {Intending g6 and mate.} Be1+ {[#]} 47. Bg3 ({White should try} 47. Kh3 $1 $16 Bxh5 48. Bf6 (48. Bxb3 Kf8 $16)) 47... Bxg3+ $11 {The position is equal.} 48. Kxg3 Bxh5 49. Bxb3 {And now Kf4 would win. KB-KB} Kg7 50. Kf4 {Kf5 is the strong threat.} f6 51. Ba4 fxg5+ 52. Kxg5 Be2 53. b4 Kf7 54. Kf5 Ke7 55. Ke5 Bf1 56. Kd5 Kd8 57. Kc6 Kc8 58. Bb5 Bg2+ 59. Kb6 Kb8 60. Bc6 Bf1 61. b5 Bxb5 {Blacks defense is rewarded with a draw.  Weighted Error Value: White=0.32/Black=0.16} 1/2-1/2

[Event "Speed Chess Championship 2020"]
[Site "Online"]
[Date "2020.12.09"]
[Round "3.8"]
[White "So, Wesley"]
[Black "Nakamura, Hikaru"]
[Result "0-1"]
[WhiteElo "2816"]
[BlackElo "2736"]
[Annotator "TA"]
[PlyCount "76"]
[EventDate "2020.10.31"]
[EventType "k.o."]
[EventCountry "NET"]
[SourceTitle "playchess.com"]
[Source "ChessBase"]
[SourceQuality "1"]

{[%evp 11,76,8,6,14,14,9,14,8,3,10,9,6,13,8,18,-9,-10,-30,-32,-44,-52,-49,-41,-49,0,-64,-55,-58,-52,-60,0,-21,16,-16,0,-151,-137,-111,0,0,0,0,0,0,0,0,0,0,0,0,0,-167,-218,-161,-161,-235,-156,-164,-164,-405,-189,-208,-214,-195,-41,-2076,-2012]} 1. e4 e5 2. Nf3 Nc6 3. Bb5 Nf6 4. d3 Bc5 5. O-O Nd4 6. Nxd4 Bxd4 7. c3 {C65: Ruy Lopez: Berlin Defence (3...Nf6), unusual lines and 4 0-0 Bc5.} Bb6 8. Na3 {8.Ba4 is a critical line.} c6 9. Ba4 {The position is equal.} d6 10. Bb3 a5 $5 {[%mdl 4] An interesting side line.} 11. Nc4 Bc7 12. a4 Be6 {[#]} 13. Bg5 $146 ({Predecessor:} 13. f4 exf4 14. Bxf4 d5 15. Bxc7 Qxc7 16. exd5 Nxd5 17. d4 O-O 18. Qf3 Rad8 19. Nd2 {1-0 (54) Le,Q (2706)-Leko,P (2702) Hengshui 2019}) 13... h6 14. Bh4 g5 $1 {[%cal Rg5h4]} 15. Bg3 h5 $1 {[%cal Rh5h4] [#] Threatens to win with ...h4.} 16. f3 h4 17. Be1 g4 18. Bd2 ({White should play} 18. fxg4 $11 d5 19. Ne3) 18... d5 $36 {[%mdl 2048] Black fights for an advantage.} 19. exd5 cxd5 20. Ne3 {[%cal Rf3g4]} g3 21. h3 $1 Nh5 22. Ng4 f5 23. Nxe5 $2 (23. Ne3 $11) 23... Bxe5 $17 24. Re1 {[#]} Qd6 (24... Qb6+ $1 $17 25. d4 Bf6 26. Bxd5 Ng7 27. Bxe6 Nxe6) 25. Qe2 $1 $11 {[%cal Re2e5]} Bf4 $1 {aiming for ...Kf7.} 26. Qxe6+ Qxe6 27. Rxe6+ Kd7 28. Bxf4 $1 Nxf4 29. Re5 Rhf8 30. d4 ({Much weaker is} 30. Bxd5 Kd6 $17) 30... Rae8 31. Rd1 $2 (31. Rae1 $11 {and White is okay.}) 31... Rxe5 $19 32. dxe5 {[%mdl 4096] Endgame KRB-KRN} Ke6 33. Kf1 (33. Bc2 {keeps fighting.}) 33... Kxe5 34. Re1+ Kf6 35. Bc2 $2 (35. Rd1) 35... d4 (35... Rb8 $142 36. Rd1 b5) 36. cxd4 Rd8 37. Re5 Rxd4 $2 (37... Rd5 $19 38. Rxd5 Nxd5) 38. Re8 $2 {[%mdl 8192]} (38. Rxf5+ $15 Ke6 39. b3 (39. Rxa5 $2 Rd2 $19 {[%mdl 64] Double Attack})) 38... Rd2 {[%mdl 64] Double Attack.  Weighted Error Value: White=0.45/Black=0.30} 0-1

[Event "Speed Chess Championship 2020"]
[Site "Online"]
[Date "2020.12.12"]
[Round "3.8"]
[White "Vachier-Lagrave, Maxime"]
[Black "Carlsen, Magnus"]
[Result "1/2-1/2"]
[WhiteElo "2784"]
[BlackElo "2862"]
[Annotator "TA"]
[PlyCount "151"]
[EventDate "2020.10.31"]
[EventType "k.o."]
[EventCountry "NET"]
[SourceTitle "playchess.com"]
[Source "ChessBase"]
[SourceQuality "1"]

{[%evp 10,151,11,9,40,20,41,0,0,0,0,-26,-28,-32,-13,-21,-5,-43,-35,-29,-33,-35,-31,-24,-24,-39,-40,-41,-36,-41,-26,-33,-27,-70,-69,-100,-89,-99,-87,-101,-6,-7,-11,-38,-38,-111,-8,-14,0,-26,-25,-27,0,-31,0,0,0,-8,0,-5,0,0,0,0,0,-13,-13,-25,-25,-31,-31,-31,-31,-31,-31,-31,-9,-33,-25,-28,-10,-10,-10,-10,-8,-8,-8,-8,-8,-8,-8,-8,-8,-8,-8,-8,-8,-8,-8,-8,-8,-14,-14,-14,-14,-15,-16,-18,-8,-20,-26,-33,-33,-33,-33,-33,-8,-8,-8,-34,0,0,0,0,0,0,0,0,0,0,0,0,0,0,0,0,0,0,0,0,0,0,0,0]} 1. e4 c5 2. Nf3 Nc6 3. Bb5 g6 4. O-O Bg7 5. c3 Nf6 6. Re1 Qb6 {B31: Sicilian: 2...Nc6 3 Bb5 g6.} 7. Bf1 d6 8. Na3 O-O {[#]} 9. Nc4 $146 ({Predecessor:} 9. h3 a6 10. d4 cxd4 11. cxd4 d5 12. e5 Ne8 13. Nc2 Bf5 14. Bd3 Bxd3 15. Qxd3 {1-0 (42) Kilic,E (2284)-Miladinovic,Z (2077) Sarajevo 2017}) 9... Qc7 10. d3 d5 11. exd5 Nxd5 12. a4 Bf5 13. Ne3 Nxe3 14. Bxe3 b6 15. d4 cxd4 16. Nxd4 Nxd4 17. cxd4 Rfd8 18. a5 Qd6 19. axb6 axb6 20. Rxa8 Rxa8 21. Qb3 Bxd4 22. Bxd4 Qxd4 23. Rxe7 Be6 24. Qb5 Kg7 (24... Kf8 $17 25. Rc7 Ra2) 25. Qc6 $132 {[%mdl 2048] White puts up resistance} Bd5 26. Qd7 {[#] Rxf7+! is the strong threat.} Ra4 27. h4 (27. h3 $15) 27... Rb4 (27... Qxh4 $17 {And now ...Ra1 would win.} 28. Qd6 Rf4) 28. h5 $1 Qf6 29. Re2 Rd4 {Threatens to win with ...Bxg2!} 30. Qh3 {[#] White threatens h6+ and mate.} g5 (30... Rh4 $5 {[%cal Rh4h3]} 31. Qa3 Qc6 32. h6+ Rxh6 $17) 31. Qe3 h6 32. Rd2 Re4 33. Qc3 Be6 34. f3 Rh4 (34... Qxc3 {keeps more tension.} 35. bxc3 Re3 36. c4 Rb3 37. Kf2 Kf6) 35. Rd6 Qxc3 36. bxc3 Rxh5 {[%mdl 4096] Endgame KRB-KRB} 37. g3 g4 38. fxg4 Rc5 39. Rxb6 Rxc3 40. Kf2 Bxg4 41. Rb4 h5 42. Rf4 f5 43. Bg2 Kf6 44. Rb4 Kg5 45. Rb8 Rc2+ 46. Kg1 Be2 47. Rg8+ Kf6 48. Rf8+ Kg6 49. Rg8+ Kf7 50. Rb8 Bg4 51. Rb6 Ke7 52. Bd5 Rd2 53. Bg2 Rd3 54. Kf2 Kf7 55. Rb7+ Kf6 56. Rb6+ Kg5 57. Rb8 Rd2+ 58. Kg1 Kf6 59. Rf8+ Ke7 60. Ra8 Rb2 61. Ra7+ {Cut Off at move 61} Kd6 62. Ra6+ Kc5 63. Ra5+ Kd4 64. Ra4+ Ke3 65. Ra3+ {The position is equal.} Kd2 66. Bf3 Ke1 67. Re3+ Kd2 68. Re2+ Kc3 69. Rxb2 Kxb2 {KB-KB} 70. Kf2 Kc3 71. Ke3 Bxf3 72. Kxf3 Kd3 73. Kf4 Ke2 74. Kxf5 Kf3 75. Kg5 Kxg3 {( -> ...h4)} 76. Kxh5 {Weighted Error Value: White=0.08/Black=0.11} 1/2-1/2

[Event "Speed Chess Championship 2020"]
[Site "Online"]
[Date "2020.12.12"]
[Round "3.9"]
[White "Carlsen, Magnus"]
[Black "Vachier-Lagrave, Maxime"]
[Result "1/2-1/2"]
[WhiteElo "2862"]
[BlackElo "2784"]
[Annotator "TA"]
[PlyCount "93"]
[EventDate "2020.10.31"]
[EventType "k.o."]
[EventCountry "NET"]
[SourceTitle "playchess.com"]
[Source "ChessBase"]
[SourceQuality "1"]

{[%evp 9,93,17,17,14,16,23,22,12,35,15,81,70,95,102,147,160,160,152,151,158,150,98,83,37,32,9,42,0,65,21,36,42,30,36,54,6,41,9,36,43,26,0,42,44,48,48,55,32,66,-45,100,100,119,0,0,0,5,5,5,5,5,-66,-66,-67,0,0,0,0,0,0,0,-234,39,0,0,0,0,0,0,0,0,0,0,0,0,0]} 1. d4 Nf6 2. c4 g6 3. h4 d6 4. Nc3 Nbd7 5. e4 e5 6. d5 {E60: King's Indian: Unusual lines and Fianchetto Variation without Nc3.} Nc5 7. Qc2 a5 8. Be2 {[#]} Be7 $146 ({Predecessor:} 8... h5 9. Nf3 Bg4 10. Be3 Bxf3 11. Bxf3 Bh6 12. Bxh6 Rxh6 13. g3 a4 14. O-O-O Kf8 {0-1 (39) Fedoseev,V (2677)-Giri,A (2769) Moscow 2019}) 9. h5 g5 (9... Nxh5 $11 10. Bxh5 gxh5) 10. Be3 $16 h6 11. Nf3 Bd7 12. Bxc5 {[%mdl 64] Overworked Piece} dxc5 13. Nxe5 Bd6 14. Nd3 {And now e5 would win.} Qe7 15. f3 (15. O-O-O $142 $1) 15... Bg3+ 16. Kd1 O-O 17. a4 Ne8 18. Kc1 b6 (18... f5 $1 $11) 19. Kb1 Nd6 20. Nc1 $1 f5 21. Bd3 Rae8 22. Ra3 Be5 23. N1e2 fxe4 24. Nxe4 Nf5 {With the idea ...Ne3.} 25. Qc1 Qg7 26. Rf1 Nd4 27. Nxd4 Bxd4 28. g4 Rf4 29. Bc2 (29. Ng3 $14) 29... Qf8 (29... Bxg4 $1 $15 {keeps the upper hand.} 30. fxg4 Bxb2 31. Qxb2 Rxf1+ 32. Ka2 Rf4) 30. Ng3 Qf6 31. Be4 (31. Bg6 $16 Re7 32. Ka2) 31... Bxg4 $1 $11 32. Bg6 Rf8 {[%cal Rg4f3]} (32... Re5 {keeps more tension.} 33. fxg4 Rxf1 34. Qxf1 Qxf1+ 35. Nxf1 Re1+) 33. fxg4 Rxf1 34. Nxf1 Qxf1 35. Qxf1 ({Better is} 35. Bf5 $11 Qxc1+ 36. Kxc1) 35... Rxf1+ {[%mdl 4096] Endgame KRB-KRB} 36. Ka2 Rf2 ({Black should play} 36... Kg7 $15) 37. Rb3 Kf8 38. d6 $1 {[%cal Rd6c7]} cxd6 39. Rxb6 Ke7 40. Bf5 $2 {[#]} (40. Rb5 $11 {and White has nothing to worry.}) 40... Be5 $2 (40... Rxf5 $1 $19 {[%mdl 512]} 41. gxf5 g4) 41. Rb5 Kf6 {The position is equal.} 42. Kb1 Bd4 43. Bc2 Rf1+ 44. Ka2 Rf2 45. Kb1 Rf1+ 46. Ka2 Rf2 47. Kb1 {Weighted Error Value: White=0.33/Black=0.29} 1/2-1/2

[Event "Speed Chess Championship 2020"]
[Site "Online"]
[Date "2020.12.12"]
[Round "3.10"]
[White "So, Wesley"]
[Black "Nakamura, Hikaru"]
[Result "1-0"]
[WhiteElo "2816"]
[BlackElo "2736"]
[Annotator "TA"]
[PlyCount "109"]
[EventDate "2020.10.31"]
[EventType "k.o."]
[EventCountry "NET"]

{[%evp 9,109,15,25,19,20,17,13,19,11,11,18,20,11,18,14,6,16,0,222,209,277,271,276,272,264,274,325,325,329,335,424,427,412,419,441,441,437,436,432,414,450,457,667,666,670,664,662,661,645,639,627,634,849,699,458,5272,5804,5783,5720,5687,1543,662,622,581,807,803,793,802,833,820,1261,1235,2292,1800,5127,5604,5691,5143,29983,29984,29988,29989,29989,29988,29988,29985,29985,29985,29985,29986,29986,29987,29993,29994,29994,29994,29994,29994,29996,29997,29998,29999]} 1. e4 e5 2. Nf3 Nc6 3. Bb5 Nf6 4. d3 (4. O-O Nxe4 5. d4 Nd6 6. dxe5 Nxb5 7. a4 Nbd4 8. Nxd4 Nxd4 9. Qxd4 d5 10. exd6 Qxd6 11. Qe4+ Qe6 12. Qd4 Qd6 13. Qe4+ Qe6 14. Qd4 Qd6 {½-½ (14) So,W (2770)-Nakamura,H (2736) chess.com INT 2020}) 4... Bc5 5. c3 d5 6. exd5 {C65: Ruy Lopez: Berlin Defence (3...Nf6), unusual lines and 4 0-0 Bc5.} Qxd5 7. Bc4 Qd6 8. b4 {The position is equal.} Bb6 9. a4 {[#] Black must now prevent a5.} O-O 10. Nbd2 {Strongly threatening a5.} Bf5 {...Ng4 is the strong threat.} 11. Ba3 e4 $1 {[%cal Re4f3]} ({Much worse is} 11... Bxd3 $6 12. b5 $16) 12. dxe4 Nxe4 13. Nxe4 {[#]} Qxd1+ $146 {Black is now going downhill.} (13... Bxe4 $11 {and Black is okay.} 14. O-O Qf4) ({Predecessor:} 13... Bxe4 14. Qxd6 cxd6 15. O-O-O Rac8 16. Bd5 Bxd5 17. Rxd5 Ne5 18. Kc2 Nc4 19. Bc1 Bxf2 {0-1 (59) Nepomniachtchi,I (2784)-Aronian,L (2781) Chess.com INT 2020}) 14. Rxd1 $18 Bxe4 {[#]} 15. a5 $1 Rfe8 {aiming for ...Bxf3+.} 16. O-O Bxf3 17. gxf3 Ne5 18. Be2 Ng6 19. Bd3 ({Not} 19. axb6 axb6 20. Bb5 c6 $15) 19... Nh4 20. Be4 ({Less strong is} 20. axb6 Nxf3+ 21. Kg2 axb6 $18) 20... c6 21. axb6 f5 22. Bd3 axb6 23. Bc1 b5 24. f4 Ra2 25. c4 Re6 (25... Ra4 $142 26. cxb5 Rxb4 27. bxc6 bxc6) 26. cxb5 cxb5 27. Bxb5 Rc2 28. Ba4 Rc3 29. Rd8+ Kf7 30. Rd7+ Kg8 {intending ...Nf3+.} 31. Bb2 Rg6+ 32. Kh1 Rh3 33. Rd8+ Kf7 34. Be8+ Ke7 35. Bxg6 {Intending Re8+ and mate.} Kxd8 36. Bxh7 Ke7 37. Bg8 Kf8 38. Bd5 Rd3 39. Bxb7 Kf7 40. Be5 Rd2 41. b5 Ng6 42. b6 Nxe5 43. fxe5 {[%mdl 4096] Endgame KRB-KR} Rb2 44. Bd5+ {White mates.} Kg6 45. b7 f4 46. Kg2 Kf5 47. e6 Kf6 48. Re1 Ke7 49. Be4 g5 50. Rb1 Re2 51. b8=Q Rxe4 52. Rb7+ Kxe6 53. Qe8+ Kf5 54. Rf7+ Kg4 55. f3+ {Weighted Error Value: White=0.06/Black=0.36} 1-0

[Event "Speed Chess Championship 2020"]
[Site "Online"]
[Date "2020.12.12"]
[Round "3.10"]
[White "Vachier-Lagrave, Maxime"]
[Black "Carlsen, Magnus"]
[Result "1-0"]
[WhiteElo "2784"]
[BlackElo "2862"]
[Annotator "TA"]
[PlyCount "79"]
[EventDate "2020.10.31"]
[EventType "k.o."]
[EventCountry "NET"]
[SourceTitle "playchess.com"]
[Source "ChessBase"]
[SourceQuality "1"]

{[%evp 19,79,0,0,-5,0,0,0,0,0,0,0,0,0,0,0,0,0,-11,-7,-18,-12,-42,0,0,0,0,0,0,0,-18,-5,0,0,0,8,8,8,2,13,8,48,63,85,78,79,46,198,196,523,261,264,194,189,188,181,180,185,166,160,154,602,570]} 1. e4 c5 2. Nf3 Nc6 3. d4 cxd4 4. Nxd4 Nf6 5. Nc3 e5 6. Nf5 d5 7. exd5 Bxf5 8. dxc6 bxc6 9. Qf3 Qd7 10. Bg5 e4 11. Qd1 {B33: Sicilian: Pelikan and Sveshnikov Variations.} Qe6 12. Qd4 Rd8 13. Qa4 {The position is equal.} Bc5 {[#] aiming for ...e3.} 14. Bc4 {[#]} Qe5 $146 ({Predecessor:} 14... Qc8 15. Bxf6 gxf6 16. Bd5 O-O 17. Bxe4 Rd4 18. Bxf5 Re8+ 19. Kf1 Qxf5 20. Qxc6 Re5 {0-1 (26) Martinez Reyes,P (2416)-Ajay,K (2315) chess.com INT 2020}) 15. Qxc6+ Bd7 16. Bxf6 Bxf2+ $1 17. Kf1 gxf6 18. Qxe4 Bd4 19. Re1 Kf8 20. Bd3 Be6 21. Qh4 Qg5 22. Qxg5 fxg5 23. Ke2 Rb8 24. Ne4 Rxb2 25. Nxg5 Bxa2 26. Kd2 Kg7 27. Re4 $1 {[%cal Re4d4]} Bf6 28. Rg4 Kh6 29. h4 {Threatens to win with Rf1.} Rd8 30. Rf1 Bxg5+ 31. Rxg5 {[%cal Rf1f6] [#]} Rb6 32. Rf4 Bd5 $2 ({Black should try} 32... Rg6 $14) 33. g4 $18 Rg6 $2 (33... Ba2 34. Rh5+ Kg7 35. Rxh7+ Kg8) 34. Rh5+ Kg7 35. Rd4 Rgd6 36. Rxh7+ Kg8 37. Rh5 Be6 38. Rxd6 Rxd6 39. Ra5 Bxg4 $2 (39... Rd4 $16) 40. Rg5+ {[%mdl 64] Double Attack.  Weighted Error Value: White=0.15/Black=0.55} 1-0

[Event "Speed Chess Championship 2020"]
[Site "Online"]
[Date "2020.12.12"]
[Round "3.11"]
[White "Carlsen, Magnus"]
[Black "Vachier-Lagrave, Maxime"]
[Result "1-0"]
[WhiteElo "2862"]
[BlackElo "2784"]
[Annotator "TA"]
[PlyCount "77"]
[EventDate "2020.10.31"]
[EventType "k.o."]
[EventCountry "NET"]
[SourceTitle "playchess.com"]
[Source "ChessBase"]
[SourceQuality "1"]

{[%evp 9,77,37,28,28,30,35,64,66,76,81,71,71,71,70,70,72,77,77,76,92,150,30,97,35,176,175,272,269,270,207,206,187,204,201,264,282,284,287,243,292,290,271,256,258,243,245,370,366,351,275,270,291,288,267,274,267,262,267,266,269,304,306,266,247,29992,29993,29993,29994,29994,12843]} 1. d4 Nf6 2. c4 g6 3. h4 d6 4. Nc3 Nc6 {[#]} 5. e4 $146 ({Predecessor:} 5. Bg5 Bg7 6. e3 h6 7. Bxf6 Bxf6 8. h5 g5 9. Bd3 e6 10. Nge2 Bg7 11. Qd2 {1-0 (29) Tarlabasi,E (2264)-Kiremitciyan,A (2253) Antalya 2019}) 5... e5 6. d5 {E60: King's Indian: Unusual lines and Fianchetto Variation without Nc3.} Nd4 7. Nge2 c5 8. dxc6 $1 {White is slightly better.} bxc6 9. Nxd4 exd4 10. Qxd4 Bg7 11. Bg5 $36 {[%mdl 2048] White fights for an advantage.} h6 12. Be3 O-O {[#]} 13. Qd2 $1 Re8 14. f3 (14. Bxh6 Nxe4 15. Nxe4 Rxe4+ 16. Be2 Bxh6 $17) 14... d5 (14... Nh5 $142) 15. Rd1 (15. exd5 $6 Qb6 $11) (15. Bxh6 Bxh6 16. Qxh6 dxe4 $17) (15. cxd5 $16 cxd5 16. O-O-O (16. Nxd5 Nxd5 17. Rd1 Bb7 $11) (16. exd5 $2 Qb6 $17) (16. Bxh6 $2 Bxh6 17. Qxh6 dxe4 $19)) 15... Qc7 (15... Rb8 $11 {remains equal.}) 16. cxd5 (16. Bf4 $16 Qa5 17. cxd5 cxd5 18. Nxd5 Qxd5 19. Qxd5 Nxd5 20. Rxd5) 16... cxd5 {[#] Black cannot hold the game after this.} ({Black should try} 16... Nxd5 $14 17. Nxd5 (17. exd5 $2 Qg3+ 18. Qf2 Bxc3+ 19. Rd2 Rxe3+ $19) 17... cxd5) 17. Bb5 $1 $18 {[%cal Rb5e8]} (17. Nxd5 $6 Nxd5 18. Qxd5 Be6 $11) 17... Bb7 (17... Re7 $142) 18. Bxe8 (18. Bxh6 dxe4 19. Bxe8 Rxe8 $11) 18... Rxe8 19. O-O ({And not} 19. Bxa7 dxe4 20. O-O Ba6 $11) (19. Nxd5 Bxd5 20. exd5 Qf4 $11) 19... dxe4 20. Nb5 (20. Bxa7 Ba6 $11) 20... Qc6 21. Nd6 ({Inferior is} 21. Nxa7 Qa6 $11) 21... Rd8 22. Qb4 ({Weaker is} 22. Bxa7 Bf8 $17) 22... Ba6 23. Nxe4 Nd5 24. Qa5 Rd7 25. Rfe1 {Hoping for Nc5.} Nxe3 26. Rxd7 {[%mdl 64] Overworked Piece} Qxd7 27. Qxa6 Qd4 (27... Bd4 $142) 28. Kh1 Nf5 29. h5 Ng3+ 30. Nxg3 Qh4+ 31. Kg1 Bd4+ 32. Kf1 Qxg3 {[%csl Gd4][%cal Rg3f2][%mdl 4096] Endgame KQR-KQB} 33. Qe2 Qh4 {[%cal Rh4h1]} 34. Qd2 Qh1+ 35. Ke2 Qxg2+ {[#]} 36. Kd3 $1 {[%mdl 64] Discovered Attack} Bf2 $2 (36... Qxd2+ $18 37. Kxd2 gxh5) 37. Re8+ {White mates.} Kh7 38. Qf4 {[%cal Rf4f7]} Qf1+ 39. Kd2 {Weighted Error Value: White=0.15/Black=0.40} (39. Kc2 $142 Qc1+ {[%mdl 64] Decoy} 40. Kxc1 Be3+ 41. Rxe3 Kg8 42. Qxh6 f6 43. Qxg6+ {[%mdl 64] Double Attack} Kh8 44. Re8#) 1-0

[Event "Speed Chess Championship 2020"]
[Site "Online"]
[Date "2020.12.12"]
[Round "3.11"]
[White "Nakamura, Hikaru"]
[Black "So, Wesley"]
[Result "0-1"]
[WhiteElo "2736"]
[BlackElo "2816"]
[Annotator "TA"]
[PlyCount "86"]
[EventDate "2020.10.31"]
[EventType "k.o."]
[EventCountry "NET"]

{[%evp 12,86,9,12,20,0,14,13,15,0,10,0,0,0,0,0,0,0,0,-6,0,0,0,0,0,0,0,-7,-4,-12,-9,-23,-22,-23,-26,-27,0,0,44,-25,-5,0,52,36,34,-30,0,0,85,22,28,29,166,166,238,99,140,91,91,99,104,14,90,0,0,-34,-24,-164,-165,-239,-234,-489,-498,-712,-685,-29982,-29983]} 1. e4 e5 2. Nf3 Nc6 3. Bb5 Nf6 4. d3 Bc5 5. c3 O-O 6. Nbd2 d6 7. O-O Ne7 {The modern move. C65: Ruy Lopez: Berlin Defence (3...Nf6), unusual lines and 4 0-0 Bc5.} 8. Re1 Ng6 9. d4 Bb6 {The position is equal.} 10. h3 c6 11. Bd3 Re8 12. Nc4 Bc7 13. dxe5 dxe5 14. a4 h6 {[#]} 15. Qc2 $146 ({Predecessor:} 15. b3 Be6 16. Bc2 Qc8 17. Qe2 b5 18. Ne3 Nf4 19. Qf1 Bb6 20. Nf5 Bxf5 21. exf5 {0-1 (49) Ryska,J (1947)-Benes,J (2190) ICCF email 2016}) 15... Nh5 16. Ne3 Nhf4 17. Bf1 Qf6 18. Nf5 Ne7 {Threatens to win with ...Nxh3+!} 19. Bxf4 exf4 20. Nxe7+ Rxe7 21. Rad1 Qg6 {aiming for ...Bxh3.} 22. Kh1 Bd7 23. Qd2 Rae8 24. e5 Bb6 25. a5 (25. Bd3 $14 Qh5 26. Qxf4) 25... Bxa5 $11 26. Qxf4 Bb6 (26... Bc7 $11) 27. Bd3 $14 Qh5 $1 28. Re2 (28. Qh2 $14) 28... Bc7 (28... g5 $5 {[%cal Rg5f4]} 29. Qh2 g4 30. hxg4 Qxh2+ 31. Kxh2 Bxg4 $15) 29. Rde1 $40 {[%mdl 128] White mounts an attack.} f6 (29... Be6 $11 {remains equal.}) 30. Qe4 (30. Qc4+ $1 $16 Qf7 31. Qxf7+ Kxf7 32. Nh4 fxe5 33. Bg6+ Kf6 34. Bxe8 Rxe8 35. Kg1) 30... f5 31. Qb4 Bc8 (31... Be6 $11 {and Black has nothing to worry.}) 32. e6 $1 $18 Bb6 (32... a5 $142 33. Qh4 Qxh4 34. Nxh4 b5) 33. Bc4 (33. Qh4 $1 $18 {[%cal Rh4h5] is more deadly.} Qg6 34. Ne5) 33... g5 34. Bb3 g4 35. Nh2 $1 gxh3 {[#]} 36. g3 (36. g4 $1 $16 {[%cal Rg4h5]} Qg6 37. Qf4) 36... Kg7 {[#]} (36... c5 $11 37. Qa4 Bc7) 37. Qf4 ({Better is} 37. Qd6 $1 $16) 37... Qg5 {Hoping for ...Qxf4.} 38. Qe5+ (38. Qd6 $5 {[%cal Rh2f3]}) 38... Qf6 {Strongly threatening ...Qxe5.} 39. Nf3 (39. Qd6 $11) 39... Qxe5 $19 40. Rxe5 (40. Nxe5 {was necessary.} Bxe6 41. Bxe6 Rxe6 42. f4) 40... Bxf2 {[%mdl 64] Double Attack} 41. R1e2 $2 (41. Rf1 {was the only chance.} Bxg3 42. Rg1) 41... Bxg3 42. Rxf5 (42. Nd4 $142 Bxe5 43. Rxe5) 42... Bxe6 43. Rf4 Bxf4 {Weighted Error Value: White=0.52/Black=0.26} 0-1